000 01085nam a2200313 i 4500
001 000021829
003 DO-SdBNP
005 20240913115627.0
007 ta
008 100913s1983 dr 000 0 spa d
040 _aDO-SdBNP
_bspa
_cBNPHU
_erda
041 _aspa
082 4 _a972.93697
_bC744e
_222
100 1 _aConcepción, Mario,
_92178
_eautor
_4aut.
245 1 0 _aEstampas veganas /
_cMario Concepción ; presentación, José González.
250 _aPrimera edición
264 _aSanto Domingo :
_bEditora Nivar,
_c1983.
300 _a95 páginas ;
_c21 cm.
336 _atexto
_btxt
_2rdacontent
337 _asin mediación
_bn
_2rdamedia
338 _avolumen
_bnc
_2rdacarrier
590 _aInventariado, 2024/BT
650 4 _aCiudades y pueblos
_xRepública dominicana
_91095
651 4 _a Concepción de la Vega (Republica Dominicana )
_92180
651 4 _aLa Vega (República Dominicana{Rpara}
_xVida social y costumbres
_98244
700 1 _aGonzález, José,
_945339
_epresentación
_4pr.
910 _aValidado. Control de calidad MMOLINA
942 _2ddc
_cLBS1
999 _c21327
_d21327